<?xml version="1.0" encoding="UTF-8"?>
<record
    xmlns:xsi="http://www.w3.org/2001/XMLSchema-instance"
    xsi:schemaLocation="http://www.loc.gov/MARC21/slim http://www.loc.gov/standards/marcxml/schema/MARC21slim.xsd"
    xmlns="http://www.loc.gov/MARC21/slim">

  <leader>03243nab a2200265 i 4500</leader>
  <controlfield tag="003">BR-BrBNA</controlfield>
  <controlfield tag="005">20241218100529.0</controlfield>
  <controlfield tag="008">241218b2015    bl.|r|pooa||| 00| 0 por |</controlfield>
  <datafield tag="040" ind1=" " ind2=" ">
    <subfield code="a">BR-BrBNA</subfield>
    <subfield code="b">por</subfield>
  </datafield>
  <datafield tag="072" ind1=" " ind2=" ">
    <subfield code="a">L01</subfield>
    <subfield code="b">5214</subfield>
  </datafield>
  <datafield tag="072" ind1=" " ind2=" ">
    <subfield code="a">P01</subfield>
  </datafield>
  <datafield tag="100" ind1=" " ind2=" ">
    <subfield code="a">Martins-Costa, T.V.A. </subfield>
  </datafield>
  <datafield tag="245" ind1=" " ind2=" ">
    <subfield code="a">Produ&#xE7;&#xE3;o de leite e emiss&#xF5;es de metano na regi&#xE3;o do Corede, RS </subfield>
  </datafield>
  <datafield tag="500" ind1=" " ind2=" ">
    <subfield code="a">Publica&#xE7;&#xE3;o online; 16 ref.; 7 illus.; Summaries (En, Pt)</subfield>
  </datafield>
  <datafield tag="520" ind1=" " ind2=" ">
    <subfield code="a">


RESUMO - O presente artigo tem como objetivo analisar a produ&#xE7;&#xE3;o de leite na regi&#xE3;o do Corede, com foco nas emiss&#xF5;es de gases efeito estufa como uma externalidade negativa dessa importante atividade econ&#xF4;mica. Para as estimativas de emiss&#xF5;es, utilizou-se a metodologia Tier 1 proposta pelo IPCC. As emiss&#xF5;es passaram de 1,0 gigagrama em 1974 para 8,64 gigagramas de CH4 em 2011, o que representa um acr&#xE9;scimo de 767% nas emiss&#xF5;es estimadas para o in&#xED;cio do per&#xED;odo de an&#xE1;lise. Em termos de taxa de crescimento geom&#xE9;trica, as emiss&#xF5;es cresceram a uma taxa de 6,0% ao ano. No entanto, se for considerada a emiss&#xE3;o m&#xE9;dia de metano por litro de leite produzido, pode-se observar que ela reduziu significativamente de valor durante o per&#xED;odo analisado, passando de 58 gramas de CH4 por litro de leite produzido em 1974 para 24 gramas em 2011, ou seja, as emiss&#xF5;es de metano por litro de leite se reduziram pela metade, evidenciando que o ganho de produtividade permite uma redu&#xE7;&#xE3;o das emiss&#xF5;es, desde que acompanhado por uma redu&#xE7;&#xE3;o do rebanho e de estrat&#xE9;gias de gest&#xE3;o que reduzam as emiss&#xF5;es.


Palavras-chave: pecu&#xE1;ria leiteira, emiss&#xF5;es de metano, Corede, externalidades</subfield>
  </datafield>
  <datafield tag="520" ind1=" " ind2=" ">
    <subfield code="a">


ABSTRACT - The article aims to analyze milk production in the region COREDE focusing on emissions of greenhouse gases as a negative externality of this important economic activity. For emission estimates we used the Tier 1 methodology proposed by the IPCC. Emissions increased from 1.0 in 1974 to 8.64 gigagrams CH4 in 2011, representing an increase of 767% on an estimate of the beginning of the analysis period emissions. In terms of the rate of geometric growth, emissions increased at a rate of 6.0% per year. However, if we consider the average methane emission per liter of milk produced, we can see that it reduced significantly in value during the analysis period, from 58 grams of CH4 per liter of milk produced in 1974 to 24 grams in 2011, meaning that methane emissions per liter of milk are reduced by half, showing that the productivity gain allows a reduction in emissions, since it is followed by a herd reduction and management strategies that reduce emissions.


Keywords: Dairy Cattle, Methane, COREDE, externalities</subfield>
  </datafield>
  <datafield tag="650" ind1=" " ind2=" ">
    <subfield code="a">GADO LEITEIRO</subfield>
  </datafield>
  <datafield tag="650" ind1=" " ind2=" ">
    <subfield code="a">CRIA&#xC7;&#xC3;O</subfield>
  </datafield>
  <datafield tag="650" ind1=" " ind2=" ">
    <subfield code="a">SISTEMA DE PRODU&#xC7;&#xC3;O</subfield>
  </datafield>
  <datafield tag="650" ind1=" " ind2=" ">
    <subfield code="a">IMPACTO AMBIENTAL</subfield>
  </datafield>
  <datafield tag="773" ind1="0" ind2=" ">
    <subfield code="0">1643</subfield>
    <subfield code="9">315896</subfield>
    <subfield code="d">Belo Horizonte-MG Universidade Federal de Minas Gerais - Escola de Veterinaria 1983</subfield>
    <subfield code="o">2024-2261</subfield>
    <subfield code="t">Arquivo Brasileiro de Medicina Veterin&#xE1;ria e Zootecnia (Brazil)</subfield>
    <subfield code="x">0102-0935</subfield>
    <subfield code="g">v. 67(5) p. 1381-1389; (2015)</subfield>
    <subfield code="w">BR2024004008</subfield>
  </datafield>
  <datafield tag="856" ind1=" " ind2=" ">
    <subfield code="u">https://www.scielo.br/j/abmvz/a/qX3HFdc8mfQ9SF7bZDrv7RR/?format=pdf&amp;lang=pt</subfield>
  </datafield>
  <datafield tag="942" ind1=" " ind2=" ">
    <subfield code="c">ANA</subfield>
  </datafield>
  <datafield tag="999" ind1=" " ind2=" ">
    <subfield code="c">329329</subfield>
    <subfield code="d">329329</subfield>
  </datafield>
</record>
